| 000 | 00799nam a22002771 4500 | ||
|---|---|---|---|
| 001 | 14737 | ||
| 003 | ES-MaACL | ||
| 005 | 20230906150857.0 | ||
| 007 | t| | ||
| 008 | 900725s1978 sp ||||0| spa j | ||
| 016 | 7 | _zIND9200453705 | |
| 020 | _a84-85390-00-8 | ||
| 040 |
_aM-BN _bspa _cA2 |
||
| 080 | _a323.17:141.82 | ||
| 080 | _a141.82:323.17 | ||
| 110 | 2 |
_aJanus. _95334 |
|
| 245 | 1 | 0 |
_aNacionalismo, degeneración del marxismo / _c[colectivo Janus]. |
| 260 |
_aMadrid : _bTaller de Sociología, _cD.L. 1978. |
||
| 300 |
_a101 p. ; _c17 cm. |
||
| 490 | 1 |
_aCuadernos ; _v4 |
|
| 500 | _aReferencias bibliográficas. | ||
| 650 | 1 | 4 |
_aNacionalismo- _xConcepto marxista. _915445 |
| 830 | 0 |
_aCuadernos ; _v4 _9178297 |
|
| 852 |
_aES-MaACL _jL-21959 _bR.116373 |
||
| 999 |
_c14737 _d14737 |
||